• 首页
  • 本馆介绍
  • 公告通知
  • 最新文献
  • 馆藏检索
  • 电子资源
  • 读者导购
  • 参考咨询
  • 我的图书馆
  • 登录
  • 详细信息显示
  • 放入我的书架
  • 预约/预借图书
  • 作者相关作品
  • 分类相关作品
  • 丛书相关作品
  • 出版社相关作品

书目信息

  • 表格格式
  • 工作单格式
  • 卡片格式
题名:
现代功能材料及其应用
    
 
作者: 郭卫红 , 汪济奎 编著
分册:  
出版信息: 北京   化学工业出版社  2008.03
页数: 371页
开本: 20cm
丛书名: 新材料与应用技术丛书
单 册:
中图分类: TB34
科图分类:
主题词: 工程材料
电子资源:
ISBN: 7-5025-3867-4
000 00710nam0 2200229 450
001 0953687082
005 20091217145635.01
010    @a7-5025-3867-4@dCNY30.00
100    @a20091217d2008 km y0chiy0120 ea
101 0  @achi
102    @aCN@b110000
200 1  @a现代功能材料及其应用@Axian dai gong neng cai liao ji qi ying yong@f郭卫红,汪济奎编著@Fguo wei hong,wang ji kui bian zhu
210    @a北京@c化学工业出版社@d2008.03
215    @a371页@d20cm
225 2  @a新材料与应用技术丛书
410  0 @12001 @a新材料与应用技术丛书
606 0  @a工程材料
690    @aTB34@v4
701  0 @a郭卫红@Aguo wei hong@4编著
701  0 @a汪济奎@Awang ji kui@4编著
801  0 @aCN@bNISOFT@c20091217
905    @aBZT@dTB34@e1
    
    现代功能材料及其应用/郭卫红,汪济奎编著.-北京:化学工业出版社,2008.03
    371页;20cm.-(新材料与应用技术丛书)
    
    
    ISBN 7-5025-3867-4:CNY30.00
    
●
相关链接 在五车中查询图书 在当当中查询图书 在豆瓣中查询图书


正题名:现代功能材料及其应用     索取号:TB34/1         预约/预借

序号 登录号 条形码 馆藏地/架位号 状态 备注
1 728506   2000728506   样本书库/样006架A面1层3列/ [索取号:TB34/1] 在馆    
2 728507   2000728507   中心书库中库/ 中库030架B面3列2层39/ [索取号:TB34/1] 在馆    
3 728508   2000728508   中心书库中库/ 中库030架B面3列2层40/ [索取号:TB34/1] 在馆    
4 728509   2000728509   中心书库中库/ 中库030架B面3列2层38/ [索取号:TB34/1] 在馆    
5 728510   2000728510   中心书库中库/ 中库030架B面3列2层36/ [索取号:TB34/1] 在馆    
6 728511   2000728511   中心书库中库/ 中库030架B面3列2层37/ [索取号:TB34/1] 在馆    
山东省滨州职业学院图书馆 欢迎您!
大连网信软件有限公司© 版权所有